Aktuálně: FATCA versus pojišťovny

Koncom minulého roka bol ukončený legislatívny proces umožňujúci aplikáciu zákona USA o informáciách a ich oznamovaniu (Foreign Account Tax Compliance Act - FATCA). Účelom je získať informácie o finančných účtoch, ktorých majiteľmi sú americké osoby a subjekty, respektíve daňoví rezidenti, a to z dô...

Descrizione completa

Salvato in:
Dettagli Bibliografici
Autore principale: Jašíčková, Darina
Natura: Capitolo di libro
Lingua:ceco
Soggetti:
Tags: Aggiungi Tag
Nessun Tag, puoi essere il primo ad aggiungerne!!

MARC

LEADER 00000naa a2200000 4500
001 0204713
005 20220729104816.5
041 0 |a cze 
044 |a CZ 
245 1 0 |a Aktuálně: FATCA versus pojišťovny  |c Darina Jašíčková 
520 |a Koncom minulého roka bol ukončený legislatívny proces umožňujúci aplikáciu zákona USA o informáciách a ich oznamovaniu (Foreign Account Tax Compliance Act - FATCA). Účelom je získať informácie o finančných účtoch, ktorých majiteľmi sú americké osoby a subjekty, respektíve daňoví rezidenti, a to z dôvodov zdanenia v USA. Aktuálna situácia v tejto oblasti a povinnosť poisťovní. 
610 2 0 |a poisťovníctvo 
610 2 0 |a poisťovne 
610 2 0 |a inštitúcie finančné 
610 2 0 |a zmluvy poistné 
610 2 0 |a účty finančné 
610 2 0 |a povinnosť oznamovacia 
610 2 0 |a právo poistné 
100 1 |a Jašíčková, Darina